Nueve grandes filósofos contemporáneos y sus temas
Збережено в:
| Автор: | |
|---|---|
| Формат: | Книга |
| Мова: | Іспанська |
| Опубліковано: |
Barcelona
Anthropos
1990
|
| Серія: | Autores, textos y temas filosofía, 30
|
| Предмети: | |
| Теги: |
Додати тег
Немає тегів, Будьте першим, хто поставить тег для цього запису!
|
MARC
| LEADER | 00000nam a2200000 a 4500 | ||
|---|---|---|---|
| 001 | UCX9337 | ||
| 003 | CL-VaPUC | ||
| 008 | 940531e19900000SP |||||||||||||||||spa|d | ||
| 082 | 0 | 4 | |a 190 |b GAR |2 21 |
| 100 | |a García Bacca, Juan David |e author |9 571593 | ||
| 245 | 1 | 0 | |a Nueve grandes filósofos contemporáneos y sus temas |
| 300 | |a 554 p | ||
| 942 | |c BK | ||
| 945 | |d 19940531 00:00:00 |a aalvarez | ||
| 260 | |a Barcelona |b Anthropos |c 1990 | ||
| 650 | 0 | |a Filosofía moderna |9 258121 | |
| 583 | |a last modification |c 19940531 00:00:00 |k Rodrigo Vera | ||
| 490 | 0 | |a Autores, textos y temas filosofía, 30 | |
| 999 | |c 228608 |d 228606 | ||
| 952 | |0 0 |1 0 |4 0 |6 190_000000000000000_GAR_1990 |7 0 |8 A |9 228871 |a BIBCUR |b BIBCUR |d 2019-11-15 |i 2981904 |l 1 |o 190 GAR 1990 |p 2981904 |r 2025-04-22 |s 2024-03-27 |w 2019-11-15 |y BK |k FIS | ||
| 952 | |0 0 |1 0 |4 0 |6 190_000000000000000_GAR_1990 |7 0 |8 A |9 228872 |a BIBEDU |b BIBEDU |d 2019-11-15 |i 2996596 |l 2 |o 190 GAR 1990 |p 2996596 |r 2024-05-08 |s 2024-05-06 |w 2019-11-15 |y BK |k FIL | ||